| 000 | 01140nam a22003737a 4500 | ||
|---|---|---|---|
| 001 | BR2010002071 | ||
| 003 | BR-BrBNA | ||
| 005 | 20230928103253.0 | ||
| 007 | ta | ||
| 008 | 230509b bl.||||| |||| 00| 0 por d | ||
| 040 |
_aBR-BrBNA _bpor _cBiblioteca Nacional de Agricultura |
||
| 041 | _a(Por) | ||
| 072 | _aK10; P35; P32 | ||
| 090 | _ K10 BR2010002071 | ||
| 100 | 1 | _aMartins, S.C. | |
| 110 | 1 |
_aCentro de Energia Nuclear na Agricultura, Piracicaba, SP (Brasil) _0Tese (Doutor em Ciências) |
|
| 245 | 1 | _aCaracterização dos solos e serapilheira ao longo do gradiente altitudinal da Mata Atlântica, estado de São Paulo | |
| 260 | 3 |
_aPiracicaba, SP (Brasil): _c2010. |
|
| 300 | _a155 p. | ||
| 500 | _aSummaries (Eng, Por); Bibliography p. 127-144; 43 illus.; 11 tables | ||
| 650 | _aFLORESTA TROPICAL | ||
| 650 | _aSERAPILHEIRA | ||
| 650 | _aMATA | ||
| 650 | _aFERTILIDADE DO SOLO | ||
| 650 | _aECOSSISTEMA | ||
| 650 | _aCARBONO | ||
| 650 | _aNITROGÊNIO | ||
| 650 | _aISÓTOPO | ||
| 650 | _aSOLO | ||
| 650 | _aMINERALOGIA | ||
| 650 | _aSÃO PAULO | ||
| 909 |
_a202309 _bLucia _c55 _dLucia Elande |
||
| 942 | _cBK | ||
| 999 |
_c74380 _d74380 |
||